| 000 | 00000nam##2200000za#4500 |
| 001 | 9.662118 |
| 003 | CaOODSP |
| 005 | 20210615120404 |
| 007 | ta |
| 008 | 150407|2000||||xxc||||| f|0| 0 fre|d |
| 020 | |a0-662-65172-3 |
| 040 | |aCaOODSP|bfre |
| 041 | |aeng |
| 041 | |afre |
| 043 | |an-cn--- |
| 086 | 1 |aH49-143/2000 |
| 110 | 1 |aCanada.|bSanté Canada. |bDirection générale de la protection de la santé. |
| 245 | 10|aLes jus de fruit non pasteurisés : |bconnaissez ce que vous buvez |
| 260 | |aOttawa - Ontario : |bSanté Canada. |c2000. |
| 546 | |aBilingue |
| 563 | |aDépliant |
| 590 | |a00-48|b2000-12-01 |
| 691 | 07|aSécurité alimentaire|2gcpds |
| 691 | 07|aProduit agro-alimentaire|2gcpds |
| 776 | 0#|tUnpasteurized fruit juices and cider-- : |w(CaOODSP)9.675627 |
| 791 | |tUnpasteurized fruit juices and cider : |eeng|w(CaOODSP)9.662117 |